|
|
|
|
| LEADER |
00617cam a2200193 7i4500 |
| 001 |
0000000861 |
| 005 |
20150911090000.0 |
| 020 |
|
|
|a 0330391879
|
| 090 |
0 |
0 |
|a BL624.2
|b .C42 2000
|
| 100 |
1 |
|
|a Cameron, Julia
|
| 245 |
1 |
0 |
|a Blessings :
|b prayers and declarations for a heartful life
|c Julia Cameron.
|
| 260 |
|
|
|a London:
|b Pan Books,
|c 2000.
|
| 300 |
|
|
|a xvi, 189 p.:
|b ill.;
|c 19 cm.
|
| 500 |
|
|
|a Includes index
|
| 650 |
0 |
0 |
|a Meditation
|
| 650 |
0 |
0 |
|a Self-actualization (Psychology)
|
| 650 |
0 |
0 |
|a Creative ability
|
| 650 |
0 |
0 |
|a Creation (Literary, artistic, etc
|
| 999 |
|
|
|a 0000006728
|b BOK
|c OPEN SHELF
|e 1st Floor, Shah Alam
|